| 000 | 01508cam a22003977a 4500 | ||
|---|---|---|---|
| 003 | CHAP | ||
| 005 | 20220329142330.0 | ||
| 008 | 000731d2000 mx r 00110 spa d | ||
| 010 | _a81889 | ||
| 011 | _a82861 | ||
| 035 | _a93366 | ||
| 040 | _cCHAP | ||
| 090 | _aTesis | ||
| 100 | 0 | 0 |
_aLópez Reyna, Consuelo. _968270 |
| 245 | 1 | 0 |
_aOpciones agroforestales para los productores de pera : _bestudio de caso para los cultivos de pera y maíz en el estado de México _c/por Consuelo López Reyna |
| 260 |
_aChapingo, Méx. : _bEl autor, _c2000. |
||
| 300 | _a136 h. ; cuadros ; gráfs. | ||
| 502 | _aTesis (M.C. en Agroforestería para el Desarrollo Sostenible) -- UACH. Centro de Agroforestería para el Desarrollo Sostenible | ||
| 590 |
_aALEPH _b10 _c20130110 _lUCH01 _h1436 |
||
| 590 |
_aBATCH-UPD _b10 _c20130110 _lUCH01 _h0631 |
||
| 590 |
_aBATCH-UPD _b10 _c20130110 _lUCH01 _h2343 |
||
| 590 |
_aBATCH-UPD _b10 _c20130410 _lUCH01 _h0314 |
||
| 590 |
_aBATCH-UPD _b10 _c20130410 _lUCH01 _h1631 |
||
| 590 |
_aBATCH-UPD _b10 _c20130914 _lUCH01 _h1125 |
||
| 590 |
_aCONVERSION _b10 _c20130109 _lUCH01 _h1345 |
||
| 650 | 1 | 4 |
_aCultivos asociados. _930370 |
| 650 | 1 | 4 |
_aMaíz _xRendimiento. _971051 |
| 650 | 1 | 4 |
_aMaíz _zMéxico (Edo.). _971099 |
| 650 | 1 | 4 |
_aPera _xRendimiento. _986982 |
| 650 | 1 | 4 |
_aPera _zMéxico (Edo.). _986986 |
| 901 | _aBK | ||
| 905 | _aAlejandra Carrasco M. | ||
| 942 | _cFOLL | ||
| 949 |
_bBC _cTES _d33724000775961 _eTS2 _fc.2 _h36710 _i93366 _si |
||
| 949 |
_bBC _cTES _d933661 _eTS1 _h36709 _i93366 _sb |
||
| 999 |
_c81889 _d81889 |
||